UM Logo

Seeing the trees : (Record no. 17993)

MARC details
000 -LEADER
fixed length control field 00779nam a22002177a 4500
003 - CONTROL NUMBER IDENTIFIER
control field OSt
005 - DATE AND TIME OF LATEST TRANSACTION
control field 20230323155139.0
008 - FIXED-LENGTH DATA ELEMENTS--GENERAL INFORMATION
fixed length control field 230323b ||||| |||| 00| 0 eng d
040 ## - CATALOGING SOURCE
Transcribing agency 0
082 ## - DEWEY DECIMAL CLASSIFICATION NUMBER
Classification number DPer 570 J826 2021 v55 no. 1-5
100 ## - MAIN ENTRY--PERSONAL NAME
Personal name Wyner, Yael.
Relator term author.
9 (RLIN) 48057
245 ## - TITLE STATEMENT
Title Seeing the trees :
Remainder of title what urban middle school students notice about the street trees that surround them /
Statement of responsibility, etc. Yael Wyner and Jennifer H. Doherty
260 ## - PUBLICATION, DISTRIBUTION, ETC. (IMPRINT)
Place of publication, distribution, etc. United Kingdom,
Name of publisher, distributor, etc. Taylor & Francis Group,
Date of publication, distribution, etc. April 2021.
300 ## - PHYSICAL DESCRIPTION
Extent volume 55, pages 155-177, illustration.
650 ## - SUBJECT ADDED ENTRY--TOPICAL TERM
Topical term or geographic name as entry element Education.
9 (RLIN) 48058
650 ## - SUBJECT ADDED ENTRY--TOPICAL TERM
Topical term or geographic name as entry element Trees.
9 (RLIN) 48059
650 ## - SUBJECT ADDED ENTRY--TOPICAL TERM
Topical term or geographic name as entry element Middle schools.
9 (RLIN) 47974
700 ## - ADDED ENTRY--PERSONAL NAME
Personal name Wyner, Yael.
Relator term author.
9 (RLIN) 48057
700 ## - ADDED ENTRY--PERSONAL NAME
Personal name Doherty, Jennifer H.
Relator term author.
9 (RLIN) 48060
942 ## - ADDED ENTRY ELEMENTS (KOHA)
Source of classification or shelving scheme Dewey Decimal Classification
Koha item type Periodicals
Holdings
Withdrawn status Lost status Source of classification or shelving scheme Damaged status Not for loan Collection code Home library Current library Date acquired Total Checkouts Full call number Date last seen Price effective from Koha item type Public note
    Dewey Decimal Classification     Periodicals UM Digos College - LIC UM Digos College - LIC 03/23/2023   DPer 570 J826 2021 v55 no. 1-5 03/23/2023 03/23/2023 Periodicals Periodical Article